00766nam a2200253 a 4500001001300000003000900013005001700022008004100039020001200080082001600092100002000108245007600128260003200204300000900236500003500245505002000280650001100300650002200311700002000333902000800353942000700361952012900368999001500497nice12345678IN_TiNIC20260116013140.0050524s1979 lona grp 000 0 eng  ac437.500a297.4bOCT1 aOctagon Press,  aWorld of the Sufib an Anthology of Writings About Sufis and Their Work aLondonbOctagon Pressc1979 a307p aincludes index and biblioraphy2 aGlossary, Index aSufism aMulla Naseeruddin1 aOctagon Press,  bSRS cBK 001040708StackRoom-aHMIbHMId2012-08-17g437.50l2o297.4 OCT1p017369r2018-07-17s2018-07-16v437.50w2005-05-24yBK c9862d9862